| 000 | 01184cam a22002771i 4500 | ||
|---|---|---|---|
| 003 | SA-RiAUC | ||
| 005 | 20250523163808.0 | ||
| 008 | 250521s2008 su f 000 0 ara c | ||
| 020 | _a9960701824 | ||
| 040 |
_aSA-RiIMS _bara _cSA-RiAUC _erda |
||
| 082 | 0 | 4 |
_a251 _qSA-RiAUC |
| 090 |
_a251 _bخ ش ل |
||
| 100 | 1 |
_aالخشلان، خالد بن سعد بن فهد، _d1382 هجري- _eمؤلف. |
|
| 245 | 1 | 0 |
_aاختلاف التنوع : _bحقيقته ومناهج العلماء فيه : دراسة فقهية تأصيلية / _cخالد بن سعد بن فهد الخشلان. |
| 250 | _aالطبعة الأولى. | ||
| 264 | 1 |
_aالرياض : _bدار كنوز إشبيليا للنشر والتوزيع، _c2008 |
|
| 300 |
_a208 صفحة ؛ _c24 سم. |
||
| 336 |
_aنص _btxt _2rdacontent _3كتاب |
||
| 337 |
_aبدون وسيط _bn _2rdamedia |
||
| 338 |
_aمجلد _bnc _2rdacarrier |
||
| 490 | 0 |
_aسلسلة الرسائل والبحوث العلمية المحكمة ؛ _v3 |
|
| 650 | 7 |
_aالاختلاف (فقه إسلامي) _2aucsh |
|
| 650 | 7 |
_aالفقه الإسلامي _xمذاهب _2aucsh |
|
| 942 |
_2ddc _cBOOK _n0 |
||
| 949 |
_aSA-JeALM _d250521 _uosman123 _n1 |
||
| 999 |
_c8293 _d8293 |
||